職場倫理學 = Zhi chang lun li xue = Integrity at work {ch} / (Record no. 38409)
[ view plain ]
| 000 -LEADER | |
|---|---|
| fixed length control field | 01063cam a2200301 i 4500 |
| 001 - CONTROL NUMBER | |
| control field | .b22245261 |
| 008 - FIXED-LENGTH DATA ELEMENTS--GENERAL INFORMATION | |
| fixed length control field | 100614s2009 cc 000 0 chi d |
| 020 ## - INTERNATIONAL STANDARD BOOK NUMBER | |
| International Standard Book Number | 9789622087514 (平裝) : |
| 040 ## - CATALOGING SOURCE | |
| Original cataloging agency | NTNU |
| Language of cataloging | chi |
| Transcribing agency | NTNU |
| Description conventions | CCR |
| 041 0# - LANGUAGE CODE | |
| Language code of text/sound track or separate title | chi |
| -- | eng |
| 042 ## - AUTHENTICATION CODE | |
| Authentication code | nbic |
| 050 ## - LIBRARY OF CONGRESS CALL NUMBER | |
| Classification number | HD4905 |
| 245 00 - TITLE STATEMENT | |
| Title | 職場倫理學 = Zhi chang lun li xue = Integrity at work {ch} / |
| Statement of responsibility, etc | 賈詩勒(Norman L. Geisler), 道格拉斯(Randy Douglass)著 ; 紀榮神譯 |
| 246 13 - VARYING FORM OF TITLE | |
| Title proper/short title | Integrity at work. |
| 250 ## - EDITION STATEMENT | |
| Edition statement | 初版 |
| 260 ## - PUBLICATION, DISTRIBUTION, ETC. (IMPRINT) | |
| Place of publication, distribution, etc | 香港九龍 : |
| Name of publisher, distributor, etc | 天道書樓, |
| Date of publication, distribution, etc | 2009.03. |
| 300 ## - PHYSICAL DESCRIPTION | |
| Extent | 303面 ; |
| Dimensions | 21公分 |
| 440 ## - SERIES STATEMENT/ADDED ENTRY--TITLE | |
| Title | Faith at work series. |
| 500 ## - GENERAL NOTE | |
| General note | 國科會研究人文及社會科學研究圖書設備計畫, 規劃主題:心理適應與心理衛生 |
| 500 ## - GENERAL NOTE | |
| General note | 譯自 : Integrity at work. |
| 500 ## - GENERAL NOTE | |
| General note | 部分內容為英文 |
| 500 ## - GENERAL NOTE | |
| General note | 附錄 : 箴言的商業原則 |
| 650 #7 - SUBJECT ADDED ENTRY--TOPICAL TERM | |
| Topical term or geographic name as entry element | 基督徒 |
| Source of heading or term | csh. |
| 650 #7 - SUBJECT ADDED ENTRY--TOPICAL TERM | |
| Topical term or geographic name as entry element | 職場成功法 |
| Source of heading or term | csh. |
| 700 1# - ADDED ENTRY--PERSONAL NAME | |
| Personal name | 賈詩勒 |
| Fuller form of name | (Geisler, Norman L.) |
| 700 1# - ADDED ENTRY--PERSONAL NAME | |
| Personal name | 道格拉斯 |
| Fuller form of name | (Douglass, Randy) |
| 942 ## - ADDED ENTRY ELEMENTS (KOHA) | |
| Source of classification or shelving scheme | Library of Congress Classification |
| Item type | Books |
| Withdrawn status | Lost status | Source of classification or shelving scheme | Damaged status | Not for loan | Home library | Current library | Shelving location | Date acquired | Accession number | Total Checkouts | Full call number | Barcode | Date last seen | Price effective from | Koha item type |
|---|---|---|---|---|---|---|---|---|---|---|---|---|---|---|---|
| Library of Congress Classification | BSOP Library | BSOP Library | Chinese Books (General Circulation) | 03/10/2020 | C-13399 | HD4905 G28 2009 | 00045549 | 06/30/2015 | 06/30/2015 | Books |
